| Tag |
First Indicator |
Second Indicator |
Subfields |
| LEADER |
00000pam a2200000 i 4500 |
| 001 |
in00000068640 |
| 005 |
20151008050246.0 |
| 008 |
780724s1978 pau b 00010 eng |
| 010 |
|
|
|a 78013485
|
| 020 |
|
|
|a 0848273745 :
|c $17.50
|
| 035 |
|
|
|a (OCoLC)04136369
|
| 035 |
|
|
|9 AAG0180AM
|
| 040 |
|
|
|a DLC
|c DLC
|d TXA
|d UtOrBLW
|
| 049 |
|
|
|a TXAM
|c [1191699]
|
| 050 |
0 |
0 |
|a Z7204.P8
|b B43
|
| 100 |
1 |
|
|a Beit-Hallahmi, Benjamin.
|
| 245 |
1 |
0 |
|a Psychoanalysis and religion :
|b a bibliography /
|c by Benjamin Beit-Hallahmi.
|
| 264 |
|
1 |
|a Norwood, Pa. :
|b Norwood Editions,
|c 1978.
|
| 300 |
|
|
|a vii, 182 pages ;
|c 23 cm.
|
| 336 |
|
|
|a text
|b txt
|2 rdacontent
|
| 337 |
|
|
|a unmediated
|b n
|2 rdamedia
|
| 338 |
|
|
|a volume
|b nc
|2 rdacarrier
|
| 650 |
|
0 |
|a Psychoanalysis and religion
|x Bibliography.
|
| 999 |
|
|
|a MARS
|
| 999 |
f |
f |
|s e1feac73-cfb7-3365-9ad6-f807ffb68202
|i f466efa3-72ac-3f83-b6b6-350b2dd45f19
|t 0
|
| 952 |
f |
f |
|p ric
|a Texas A&M University
|b Rellis Campus
|c Joint Library Facility
|d Remote Storage
|t 0
|e Z7204.P8 B43
|h Library of Congress classification
|i unmediated -- volume
|m A14842634439
|
| 998 |
f |
f |
|a Z7204.P8 B43
|t 0
|l Remote Storage
|